|
|
|
|
| LEADER |
01760nam a2200421 a 4500 |
| 001 |
EBC1158343 |
| 003 |
MiAaPQ |
| 005 |
20200520144314.0 |
| 006 |
m o d | |
| 007 |
cr cn||||||||| |
| 008 |
121109s2013 njuad sb 001 0 eng d |
| 010 |
|
|
|z 2012041904
|
| 020 |
|
|
|z 9781118300190 (hbk.)
|
| 020 |
|
|
|a 9781118334102 (electronic bk.)
|
| 035 |
|
|
|a (MiAaPQ)EBC1158343
|
| 035 |
|
|
|a (Au-PeEL)EBL1158343
|
| 035 |
|
|
|a (CaPaEBR)ebr10677825
|
| 035 |
|
|
|a (CaONFJC)MIL471482
|
| 035 |
|
|
|a (OCoLC)818327399
|
| 040 |
|
|
|a MiAaPQ
|c MiAaPQ
|d MiAaPQ
|
| 050 |
|
4 |
|a HG4521
|b .B837 2013
|
| 082 |
0 |
4 |
|a 332.01/9
|2 23
|
| 100 |
1 |
|
|a Burton, Edwin T.
|
| 245 |
1 |
0 |
|a Behavioral finance
|h [electronic resource] :
|b understanding the social, cognitive, and economic debates /
|c Edwin T. Burton, Sunit N. Shah.
|
| 260 |
|
|
|a Hoboken :
|b Wiley,
|c 2013.
|
| 300 |
|
|
|a xii, 242 p. :
|b ill.
|
| 490 |
1 |
|
|a Wiley finance series
|
| 504 |
|
|
|a Includes bibliographical references and index.
|
| 505 |
0 |
|
|a Introduction -- Introduction to behavioral finance -- What is the efficient market hypothesis? -- The EMH and the "market model" -- The forerunners to behavioral finance -- Noise traders -- Noise traders and the law of one price -- Index.
|
| 533 |
|
|
|a Electronic reproduction. Ann Arbor, MI : ProQuest, 2016. Available via World Wide Web. Access may be limited to ProQuest affiliated libraries.
|
| 650 |
|
0 |
|a Investments
|x Psychological aspects.
|
| 650 |
|
0 |
|a Capital market
|x Psychological aspects.
|
| 650 |
|
0 |
|a Decision making.
|
| 655 |
|
4 |
|a Electronic books.
|
| 700 |
1 |
|
|a Shah, Sunit N.
|
| 710 |
2 |
|
|a ProQuest (Firm)
|
| 830 |
|
0 |
|a Wiley finance series.
|
| 856 |
4 |
0 |
|u https://ebookcentral.proquest.com/lib/matrademy/detail.action?docID=1158343
|z Click to View
|